|
|
|
|
| LEADER |
00753nas a2200193 i 4500 |
| 001 |
acta42144 |
| 005 |
20260224081030.0 |
| 008 |
170502s2008 hu o 000 eng d |
| 022 |
|
|
|a 1417-3875
|
| 040 |
|
|
|a SZTE Egyetemi Kiadványok Repozitórium
|b hun
|
| 041 |
|
|
|a eng
|
| 100 |
1 |
|
|a Manojlović Jelena V.
|
| 245 |
1 |
0 |
|a Sharp oscillation criteria for fourth order sub-half-linear and super-half-linear differential equations
|h [elektronikus dokumentum] /
|c Manojlović Jelena V.
|
| 260 |
|
|
|c 2008
|
| 300 |
|
|
|a 1-13
|
| 490 |
0 |
|
|a Electronic journal of qualitative theory of differential equations
|
| 695 |
|
|
|a Differenciálegyenletek
|
| 700 |
0 |
1 |
|a Milošević J.
|e aut
|
| 856 |
4 |
0 |
|u http://acta.bibl.u-szeged.hu/42144/1/ejqtde_2008_032_001-013.pdf
|z Dokumentum-elérés
|